00680 2200265 4500001002100000005001500021035002000036007000300056008004100059020001800100082001000118084001600128100002200144245010300166250001000269260003300279300002000312650001600332990001100348990001100359990001100370990001100381990001100392990001100403INLIS00000000000129620180123100651 a0010-0118000114ta180123 f 0 ind  a979-99920-0-1 a297.4 a297.4 ABD h0 aAbduh Shabir Said1 aHukum mengkafirkan dan membid'ahkan :bTerjemah dari kitab Muzilul Ilbas /cSa'id bin Shabir Abduh acet 4 ajakarta :bGriya Ilmu,c2016 a411hlm ;c24 cm aFiqih islam a5866 a a5866 b a5866 b a5866 a a5866 a a5866 b